000 00628cab a2200205 4500
001 WB2944-68
008 090401t1993 xxu||||| |||| 00| 0 eng d
035 _a(Sirsi) u77009
041 _aeng
245 _aICAS forms chaos
260 _c1993
350 _a0
490 _aFarmers' Weekly
_v119(21) 19 November 1993, 8(1)
520 _aMAFF appears to be the main culprit for the stress farmers suffered getting maps to submit with their IACS forms according to a survey by Ordnance Survey.
650 _aARABLE AREA PAYMENTS
650 _aIACS FORMS
690 _aRURAL PRACTICE
942 _n0
948 _c04/03/1997
999 _c48387
_d48387